Wheel of Time High-Ranking Aes Sedai - Statistics

General Stats
  • This quiz has been taken 163 times
  • The average score is 38 of 83
Answer Stats
Answer % Correct
Siuan Sanche
90%
Egwene al'Vere
75%
Cadsuane Melaidhrin
65%
Leane Sharif
65%
Sheriam Bayanar
65%
Adelorna Bastine
60%
Gitara Moroso
60%
Jesse Bilal
60%
Silviana Brehon
60%
Tamra Ospenya
60%
Alviarin Freidhen
55%
Elaida do Avriny a'Roihan
55%
Katerine Alruddin
55%
Lelaine Akashi
55%
Merean Redhill
55%
Saerin Asnobar
55%
Suana Dragand
55%
Tsutama Rath
55%
Anlee
50%
Eadyth
50%
Ferane Neheran
50%
Galina Casban
50%
Jarna Malari
50%
Lyrelle Arienwin
50%
Magla Daronos
50%
Marith Jaen
50%
Moria Karentanis
50%
Raechin Connoral
50%
Romanda Cassin
50%
Seaine Herimon
50%
Serancha Colvine
50%
Sierin Vayu
50%
Tarna Feir
50%
Toveine Gazal
50%
Andaya Forae
45%
Duhara Basaheen
45%
Escaralde Hamdey
45%
Evanellein Lorn
45%
Farnah Sadaou
45%
Janya Frende
45%
Joline Maza
45%
Malind Nachenin
45%
Myrelle Berengari
45%
Pevara Tazanovni
45%
Rina Hafden
45%
Salita Toranes
45%
Saroiya Farseen
45%
Talene Minly
45%
Teslyn Baradon
45%
Tiana Noselle
45%
Velina Behar
45%
Viria Connoral
45%
Yukiri Haruna
45%
Amira Moselle
40%
Barasine
40%
Beonin Marinye
40%
Coiren Saeldain
40%
Lirene Doirellin
40%
Merana Ambrey
40%
Merilille Ceandevin
40%
Morvrin Thakanos
40%
Rosil
40%
Sedore Dajenna
40%
Takima Deraighdin
40%
Varilin Zanaire
40%
Aeldra Najaf
35%
Aledrin Malenry
35%
Berana Shemon
35%
Carlinya Sorevin
35%
Delana Mosalaine
35%
Doesine Alwain
35%
Faiselle Darone
35%
Javindhra Doraille
35%
Juilaine Madome
35%
Naorisa Cambral
35%
Rubinde Acedone
35%
Shevan Gadarin
35%
Kwamesa Taramasu
30%
Samalin Naeroda
30%
Angharad Juerissen
25%
Covarla Baldene
25%
Marya Somares
25%
Liandrin Guirale
20%
No matching quizzes found
Score Distribution
Percent of People with Each Score
Percentile by Number Answered
Your Score History
You have not taken this quiz